<?xml version="1.0" encoding="UTF-8"?>
<record
    xmlns:xsi="http://www.w3.org/2001/XMLSchema-instance"
    xsi:schemaLocation="http://www.loc.gov/MARC21/slim http://www.loc.gov/standards/marcxml/schema/MARC21slim.xsd"
    xmlns="http://www.loc.gov/MARC21/slim">

  <leader>00652nam a2200217Ia 4500</leader>
  <controlfield tag="003">OSt</controlfield>
  <controlfield tag="005">20200917094602.0</controlfield>
  <controlfield tag="008">190216s9999||||xx |||||||||||||| ||und||</controlfield>
  <datafield tag="020" ind1=" " ind2=" ">
    <subfield code="a">9788120320581</subfield>
  </datafield>
  <datafield tag="020" ind1=" " ind2=" ">
    <subfield code="a">9788178085012</subfield>
  </datafield>
  <datafield tag="040" ind1=" " ind2=" ">
    <subfield code="c">oclc</subfield>
  </datafield>
  <datafield tag="082" ind1=" " ind2=" ">
    <subfield code="a">621.395</subfield>
    <subfield code="b">GAY/O</subfield>
  </datafield>
  <datafield tag="100" ind1=" " ind2=" ">
    <subfield code="a">Gayakwad, Ramakant A </subfield>
    <subfield code="9">4647</subfield>
  </datafield>
  <datafield tag="245" ind1=" " ind2="0">
    <subfield code="a">Op-Amps And Linear Integrated Circuits /</subfield>
    <subfield code="c">Ramakant A Gayakwad</subfield>
  </datafield>
  <datafield tag="250" ind1=" " ind2=" ">
    <subfield code="a">4th Ed.</subfield>
  </datafield>
  <datafield tag="260" ind1=" " ind2=" ">
    <subfield code="b">Prentice Hall Of India,</subfield>
    <subfield code="c">2004.</subfield>
    <subfield code="a">New Delhi:</subfield>
  </datafield>
  <datafield tag="260" ind1=" " ind2=" ">
    <subfield code="b">Pearson Education,</subfield>
    <subfield code="c">2004.</subfield>
    <subfield code="a">New Delhi:</subfield>
  </datafield>
  <datafield tag="300" ind1=" " ind2=" ">
    <subfield code="a">543p</subfield>
  </datafield>
  <datafield tag="650" ind1=" " ind2=" ">
    <subfield code="a">Physics</subfield>
  </datafield>
  <datafield tag="942" ind1=" " ind2=" ">
    <subfield code="c">BK</subfield>
    <subfield code="2">ddc</subfield>
    <subfield code="h">621.395</subfield>
    <subfield code="i">GAY/O</subfield>
    <subfield code="k">621.395</subfield>
    <subfield code="m">GAY/O</subfield>
  </datafield>
  <datafield tag="952" ind1=" " ind2=" ">
    <subfield code="0">0</subfield>
    <subfield code="1">0</subfield>
    <subfield code="2">ddc</subfield>
    <subfield code="4">0</subfield>
    <subfield code="7">0</subfield>
    <subfield code="8">APHY</subfield>
    <subfield code="a">MES</subfield>
    <subfield code="b">MES</subfield>
    <subfield code="c">PHY</subfield>
    <subfield code="d">2019-02-20</subfield>
    <subfield code="g">195.00</subfield>
    <subfield code="l">23</subfield>
    <subfield code="m">39</subfield>
    <subfield code="o">621.395 GAY/O</subfield>
    <subfield code="p">28620</subfield>
    <subfield code="r">2024-02-26 13:23:55</subfield>
    <subfield code="s">2024-01-16</subfield>
    <subfield code="t">1</subfield>
    <subfield code="w">2019-02-20</subfield>
    <subfield code="y">BK</subfield>
    <subfield code="z">GL16R4</subfield>
  </datafield>
  <datafield tag="952" ind1=" " ind2=" ">
    <subfield code="0">0</subfield>
    <subfield code="1">0</subfield>
    <subfield code="2">ddc</subfield>
    <subfield code="4">0</subfield>
    <subfield code="7">0</subfield>
    <subfield code="8">APHY</subfield>
    <subfield code="a">MES</subfield>
    <subfield code="b">MES</subfield>
    <subfield code="c">PHY</subfield>
    <subfield code="d">2019-02-20</subfield>
    <subfield code="g">195.00</subfield>
    <subfield code="l">14</subfield>
    <subfield code="m">22</subfield>
    <subfield code="o">621.395 GAY/O</subfield>
    <subfield code="p">28621</subfield>
    <subfield code="r">2024-03-26 09:21:12</subfield>
    <subfield code="s">2024-03-15</subfield>
    <subfield code="t">2</subfield>
    <subfield code="w">2019-02-20</subfield>
    <subfield code="y">BK</subfield>
    <subfield code="z">GL16R4</subfield>
  </datafield>
  <datafield tag="952" ind1=" " ind2=" ">
    <subfield code="0">0</subfield>
    <subfield code="1">0</subfield>
    <subfield code="2">ddc</subfield>
    <subfield code="4">0</subfield>
    <subfield code="7">0</subfield>
    <subfield code="8">APHY</subfield>
    <subfield code="a">MES</subfield>
    <subfield code="b">MES</subfield>
    <subfield code="c">PHY</subfield>
    <subfield code="d">2019-02-20</subfield>
    <subfield code="g">195.00</subfield>
    <subfield code="l">14</subfield>
    <subfield code="m">21</subfield>
    <subfield code="o">621.395 GAY/O</subfield>
    <subfield code="p">28622</subfield>
    <subfield code="r">2025-12-03 12:38:02</subfield>
    <subfield code="s">2025-11-14</subfield>
    <subfield code="t">3</subfield>
    <subfield code="w">2019-02-20</subfield>
    <subfield code="y">BK</subfield>
    <subfield code="z">GL16R5</subfield>
  </datafield>
  <datafield tag="952" ind1=" " ind2=" ">
    <subfield code="0">0</subfield>
    <subfield code="1">0</subfield>
    <subfield code="2">ddc</subfield>
    <subfield code="4">0</subfield>
    <subfield code="7">0</subfield>
    <subfield code="8">APHY</subfield>
    <subfield code="a">MES</subfield>
    <subfield code="b">MES</subfield>
    <subfield code="c">PHY</subfield>
    <subfield code="d">2019-02-20</subfield>
    <subfield code="g">195.00</subfield>
    <subfield code="l">17</subfield>
    <subfield code="m">25</subfield>
    <subfield code="o">621.395 GAY/O</subfield>
    <subfield code="p">28648</subfield>
    <subfield code="r">2025-03-14 11:05:45</subfield>
    <subfield code="s">2025-01-16</subfield>
    <subfield code="t">4</subfield>
    <subfield code="w">2019-02-20</subfield>
    <subfield code="y">BK</subfield>
    <subfield code="z">GL16R5</subfield>
  </datafield>
  <datafield tag="952" ind1=" " ind2=" ">
    <subfield code="0">0</subfield>
    <subfield code="1">0</subfield>
    <subfield code="2">ddc</subfield>
    <subfield code="4">0</subfield>
    <subfield code="7">0</subfield>
    <subfield code="8">APHY</subfield>
    <subfield code="a">MES</subfield>
    <subfield code="b">MES</subfield>
    <subfield code="c">PHY</subfield>
    <subfield code="d">2019-02-20</subfield>
    <subfield code="g">195.00</subfield>
    <subfield code="l">16</subfield>
    <subfield code="m">29</subfield>
    <subfield code="o">621.395 GAY/O</subfield>
    <subfield code="p">28664</subfield>
    <subfield code="r">2024-02-27 09:23:46</subfield>
    <subfield code="s">2024-01-16</subfield>
    <subfield code="t">5</subfield>
    <subfield code="w">2019-02-20</subfield>
    <subfield code="y">BK</subfield>
    <subfield code="z">GL16R5</subfield>
  </datafield>
  <datafield tag="999" ind1=" " ind2=" ">
    <subfield code="c">33855</subfield>
    <subfield code="d">33855</subfield>
  </datafield>
</record>
